00282nam a2200121Ia 4500100002500000650000900025366000700034245004000041260003700081082001700118300000800135546001700143 aTaur/Yuan/ Ning/T.N  aVLSI f25 aFundamentals of Modern VLSI Devices bCambridge University Pressc1998 a621.395bTAU a489 aENGLISHcTTL